000 00800nam a2200229Ia 4500
003 GCL
008 140319s9999 xx 000 0 ara d
040 _aGCL /
_cGCL
082 0 4 _a210
_bا د
100 1 _aحسن ابراهيم حسن
245 1 0 _aالدعوة الى الاسلام بحث فى تاريخ نشر العقيدة الاسلامية /
_cحسن ابراهيم حسن
700 1 _aاسماعيل النحراوى
700 1 _aارنولد ، سير توماس . و
250 _aالثانية
260 _aالقاهرة :
_bمكتبة النهضة المصرية ،
_c1957
300 _a515 ص ؛
_c24 سم
650 0 4 _aتاريخ
650 0 4 _aالاسلام
650 0 4 _aانتشار الاسلام
650 0 4 _aالدعوة الاسلامية
942 _2ddc
_cBK
999 _c58959
_d58959